| 000 | 00724nam a2200181Ia 4500 | ||
|---|---|---|---|
| 008 | 100921s9999 xx 000 0 und d | ||
| 082 |
_b15025 _a891.461 ढ 96 |
||
| 100 | _aआंबिये सोहिरोबानाथ,ओक वामन दाजी. | ||
| 245 | _aपरमार्थिक कवितासंग्रह. | ||
| 260 |
_bजावजी तुकाराम,मुंबई. _c1896 |
||
| 300 |
_a156 _b--- |
||
| 365 | _b0.84 | ||
| 520 | _aललित-काव्य. | ||
| 630 | _aपरमार्थिक कवितासंग्रह. | ||
| 650 | _aललित-काव्य. | ||
| 730 | _aपरमार्थिक कवितासंग्रह. | ||
| 942 | _cBOOK | ||
| 999 |
_c764138 _d764135 |
||